Ermittlung der Produktivität in indirekten Bereichen. <Eine> Vorgehensweise zur objektiven Beurteilung von Rationalisierungsmassnahmen.

Rastúci význam produktivity v nepriamych podnikových oblastiach ako sú konštrukcia, príprava výroby a údržba. Systematický postup merania produktivity v nepriamych podnikových oblastiach. Možnosti variácií pri meraní produktivity.

Salvato in:
Dettagli Bibliografici
Autore principale: Hackstein, R.
Altri autori: Michaelis, U.
Natura: Capitolo di libro
Lingua:tedesco
Soggetti:
Tags: Aggiungi Tag
Nessun Tag, puoi essere il primo ad aggiungerne!!

MARC

LEADER 00000naa a2200000 4500
001 r004255
005 20221130103209.3
041 0 |a ger 
044 |a DE 
245 1 0 |a Ermittlung der Produktivität in indirekten Bereichen.  |b <Eine> Vorgehensweise zur objektiven Beurteilung von Rationalisierungsmassnahmen.  |c R. Hackstein, U. Michaelis 
520 |a Rastúci význam produktivity v nepriamych podnikových oblastiach ako sú konštrukcia, príprava výroby a údržba. Systematický postup merania produktivity v nepriamych podnikových oblastiach. Možnosti variácií pri meraní produktivity. 
610 2 0 |a príprava výroby 
610 2 0 |a racionalizácia 
610 2 0 |a údržba 
610 2 0 |a produktívnosť 
100 1 |a Hackstein, R. 
700 1 |a Michaelis, U.